Statistics for Approximate Measures (of Cooking)

Click here to take the quiz!

General Stats

  • This quiz has been taken 45 times
  • The average score is 5 of 11

Answer Stats

Equivalent MeasurementExtra HelpAnswer% Correct
1/16 tspWhat you might ask someone to do to you to make sure you weren't dreaming.Pinch
88%
1 fl. dram or 5 mLAlso known as 1/3 of a Tablespoon.Teaspoon
80%
1/8 tspUsain Bolt's event, the 100m ____.Dash
75%
1/64 tspFollows the word rain, lemon, and gum.Drop
65%
32 fl. oz.The position in baseball that stands on the mound.Pitcher
60%
1/128 tspSynonym of "clue"Hint
53%
2 fl. dram or 8 mLSpecific utensil you might use for your after dinner course.Dessertspoon
35%
16 fl. oz.It might be filled with moonshine and marked "XXX" on the outside.Jug
33%
1/2 tspThe very specific utensil you might use to stir your cup of Joe in the morning.Coffeespoon
20%
1/32 tspSounds like when you want to tell someone to move ever so slightly to one direction, just a ____.Smidgen
15%
1 fl. oz.Could also describe a baby who is hard to control.Handful
8%

Score Distribution

Percentile by Number Answered

Percent of People with Each Score

Your Score History

You have not taken this quiz